[Event "Maestro Open"]
[Site "Berdsk RUS"]
[Date "2008.07.13"]
[Round "6"]
[White "Korobkin,M"]
[Black "Pushilin,A"]
[Result "1/2-1/2"]
[WhiteElo "2363"]
[BlackElo "2169"]

1.c4 Nf6 2.Nf3 e6 3.g3 b6 4.Bg2 Bb7 5.O-O c5 6.d4 cxd4 7.Qxd4 Nc6 8.Qf4 d6
9.Rd1 Qc7 10.Nc3 a6 11.b3 Be7 12.Ba3 Ne5 13.Nxe5 dxe5 14.Qc1 Bxg2 15.Kxg2 O-O
16.Bxe7 Qxe7 17.Qe3 Qc7 18.Rd2 Rad8 19.Rad1 Rxd2 20.Qxd2 Qc6+ 21.Kg1 Ne4
22.Nxe4 Qxe4 23.Qd3 Qxd3 24.Rxd3 g5 25.Kf1 b5 26.Rc3 Rc8 27.Ke1 e4 28.Kd2 b4
29.Rc2 f5 30.Ke3 Rd8 31.c5 Kf7 32.c6 Ke7 33.Rc4 Rc8 34.c7 Kd6 35.Rxb4 Rxc7
36.Rb6+ Ke5 37.Rxa6 f4+ 38.Kd2 Kf5 39.h3 e3+ 40.fxe3 fxg3 41.Ra4 h5 42.e4+ Kf4
43.e5+ Kxe5 44.Ra5+ Kf6 45.Ke3 Rc3+ 46.Kd2 g2 47.Kxc3 g1=Q  1/2-1/2

[Event "19th Czech Chladek & Tintera A Open"]
[Site "Pardubice CZE"]
[Date "2008.07.18"]
[Round "1"]
[White "Kutynec,V"]
[Black "Totsky,L"]
[Result "1/2-1/2"]
[WhiteElo "2281"]
[BlackElo "2492"]

1.Nf3 b6 2.g3 Bb7 3.Bg2 c5 4.c4 Nf6 5.O-O e6 6.Nc3 Be7 7.d4 cxd4 8.Nxd4 Bxg2
9.Kxg2 a6 10.e4 Qc7 11.Be3 O-O 12.Rc1 d6 13.f4 Nbd7 14.f5 e5 15.Nd5 Nxd5
16.cxd5 Qb7 17.Nc6 Nf6 18.Qf3 h6 19.Rf2 b5 20.Rfc2 Rfe8 21.Na5 Qb8 22.Rc7 Bd8
23.Rb7 Bxa5 24.Rxb8 Rexb8 25.Rc6 Rc8 26.Rxd6 Rc2+ 27.Kh3 Bb4 28.Rxf6 gxf6
29.Bxh6 Bf8 30.Qg4+ Kh7 31.Be3 Bg7 32.Qd1 Rc4 33.d6 Rd8 34.Qd5 Rd7 35.Bc5 Bf8
36.b3 Rxc5 37.Qxc5 Rxd6 38.Kg4 Kg7 39.Qc2 Rd4 40.Kh5 Bb4 41.Qc8 Rd2 42.Qxa6 Rxh2+
43.Kg4 Be1 44.a3 Rg2 45.Kf3 Rf2+ 46.Ke3 Ra2 47.g4 Bb4 48.Qxb5 Bxa3 49.Kd3 Rg2
50.Qa5 Bb2 51.Qa2 Rg3+ 52.Kc4 Bd4 53.b4 Rxg4 54.b5 Rxe4 55.Qb1 Rh4 56.Kd5 Rh8
57.b6 Rd8+ 58.Kc6 Bxb6 59.Qxb6 Rd4 60.Qb1 Kf8 61.Kc5 Ke7 62.Qb8 Rd1 63.Qb4 Kf8
64.Kc6+ Kg7 65.Kc7 Rd4 66.Qb3 Kf8  1/2-1/2

[Event "Politiken Cup"]
[Site "Helsingor DEN"]
[Date "2008.07.20"]
[Round "2"]
[White "Lyngsjo,G"]
[Black "Abrahamsson,D"]
[Result "1-0"]
[WhiteElo "1811"]
[BlackElo "2040"]

1.Nf3 Nf6 2.c4 e6 3.g3 b6 4.Bg2 Bb7 5.O-O c5 6.b3 Be7 7.Bb2 O-O 8.Nc3 d6
9.e3 Nbd7 10.d4 Rc8 11.Rc1 Qc7 12.Nb5 Qb8 13.Nc3 Qa8 14.Nh4 Rfd8 15.Bxb7 Qxb7
16.Qf3 d5 17.cxd5 Nxd5 18.Nxd5 exd5 19.Nf5 Bf8 20.dxc5 g6 21.Nd6 Bxd6 22.cxd6 f5
23.Qf4 Kf7 24.Rc7 Rxc7 25.dxc7 Rc8 26.Rc1 Nc5 27.Qd4 Rxc7 28.Qf6+ Ke8 29.Qh8+ Ke7
30.Qxh7+ Kf8 31.Qh8+ Ke7 32.Qf6+ Kd7 33.Qf7+ Kc6 34.Qxg6+ Kb5 35.Qxf5 Rf7
36.Qc2 a5 37.Qe2+ Kc6 38.Bd4 Kd6 39.Bxc5+ bxc5 40.Qc2 Rc7 41.Qg6+ Kd7 42.Rd1 Ke7
43.Qg5+ Ke6 44.f4 Rd7 45.Qe5+ Kf7 46.h4 d4 47.Qf5+ Kg8 48.Qxc5 Rg7 49.Kf2 dxe3+
50.Qxe3 Qc7 51.Kg2 Re7 52.Qd3 Kg7 53.Qd4+ Kh7 54.Qd3+ Kg7 55.h5 Qc6+ 56.Kh2 Qc7
57.Qg6+ Kh8 58.Qd3 Kg7 59.Qc4 Qb8 60.Rd5 Qe8 61.Rg5+ Kh7 62.Qd3+ Kh8 63.Qd4+ Kh7
64.Re5 a4 65.Qe4+  1-0

[Event "19th Czech Chladek & Tintera A Open"]
[Site "Pardubice CZE"]
[Date "2008.07.20"]
[Round "3"]
[White "D'Costa,L"]
[Black "Akesson,R"]
[Result "1/2-1/2"]
[WhiteElo "2414"]
[BlackElo "2481"]

1.Nf3 Nf6 2.c4 c5 3.g3 b6 4.Bg2 Bb7 5.O-O e6 6.Nc3 Be7 7.Re1 d5 8.cxd5 Nxd5
9.d4 cxd4 10.Qa4+ Bc6 11.Qxd4 Nxc3 12.Qxc3 Bf6 13.Qc2 O-O 14.Bf4 Qe7 15.Rac1 e5
16.Be3 Qe6 17.a3 Bd5 18.Nd2 Bxg2 19.Kxg2 Nd7 20.Qc6 Nc5 21.Qxe6 Nxe6 22.Ne4 Be7
23.Rc6 Rfc8 24.Rec1  1/2-1/2

[Event "Politiken Cup"]
[Site "Helsingor DEN"]
[Date "2008.07.21"]
[Round "4"]
[White "Olsen,H"]
[Black "Andersen,Mad"]
[Result "1/2-1/2"]
[WhiteElo "2368"]
[BlackElo "2092"]

1.Nf3 c5 2.c4 b6 3.g3 Bb7 4.Bg2 Nf6 5.O-O e6 6.Nc3 Be7 7.d4 cxd4 8.Qxd4 d6
9.Bg5 a6 10.Bxf6 Bxf6 11.Qf4 Bxf3 12.Qxf3 Ra7 13.Rfd1 O-O 14.Rac1 Rd7 15.b3 Bg5
16.e3 Be7 17.a4 Qc7 18.Rd3 Qc5 19.Rcd1 Rfd8 20.R1d2 Bf8 21.Qd1 h6 22.Qa1 a5
23.Rd4 Na6 24.Ne4 Qe5 25.Qd1 Nc5 26.f4 Qf5 27.Nc3 Qf6 28.Bc6 Rc7 29.Bf3 Rcd7
30.Nb5 Rc8 31.Qc2 e5 32.Rd5 Na6 33.Qe4 exf4 34.Qxf4 Qxf4 35.gxf4 Re8 36.Kf2 Nc5
37.Rxc5 bxc5 38.Bc6 Red8 39.Bxd7 Rxd7 40.e4 Rb7 41.e5 dxe5 42.fxe5 Be7 43.Kf3 f5
44.exf6 gxf6 45.Ke4 Kf7 46.Kf5 Rb6 47.Rd7 Re6 48.Nc7 Rd6 49.Rxd6 Bxd6 50.Nd5 Bxh2
51.Nxf6 Bc7 52.Ne4 Bb6 53.Nd6+ Kg7 54.Ne8+ Kf7 55.Nd6+ Kg7  1/2-1/2

[Event "XIII Open"]
[Site "Balaguer ESP"]
[Date "2008.07.22"]
[Round "9"]
[White "Roeder,M"]
[Black "Kasparov,S"]
[Result "1/2-1/2"]
[WhiteElo "2451"]
[BlackElo "2486"]

1.Nf3 Nf6 2.c4 c5 3.g3 b6 4.Bg2 Bb7 5.O-O e6 6.Nc3 d6 7.b3 Be7 8.Bb2 a6 9.e3 Nbd7
10.Qe2 O-O 11.Rfd1 Qc7 12.Rac1 Rfe8 13.d4 Ne4 14.Nxe4 Bxe4 15.Ne1 Bxg2 16.Nxg2  1/2-1/2

[Event "XIII Open"]
[Site "Balaguer ESP"]
[Date "2008.07.22"]
[Round "9"]
[White "Bruzon Batista,L"]
[Black "Aroshidze,L"]
[Result "1/2-1/2"]
[WhiteElo "2592"]
[BlackElo "2547"]

1.Nf3 Nf6 2.c4 b6 3.g3 c5 4.Bg2 Bb7 5.O-O e6 6.Nc3 d6 7.b3 Be7 8.Bb2 O-O
9.e3 a6 10.d4 cxd4 11.Nxd4 Qc7 12.Rc1 Re8 13.e4 Bf8 14.h3 Nbd7 15.Nc2 Rad8
16.Ne3 Qb8 17.Re1 h5 18.Nf1 Nc5 19.b4 Ncd7 20.a3 Ne5 21.Qe2 h4 22.g4 Ng6
23.Qf3 Rc8 24.Nd2 Ne5 25.Qe2 d5 26.Na4 dxe4 27.Bxe5 Qxe5 28.Nxb6 Bd6 29.Nxc8 Qh2+
30.Kf1 Rxc8 31.g5 Nh7 32.Qg4 Bf4 33.Bxe4 Bxe4 34.Nxe4 Bxc1 35.g6 f5 36.gxh7+ Kh8
37.Qg2 Qf4 38.Nd6 Qxd6 39.Rxc1 Rxc4 40.Qa8+ Kxh7 41.Rxc4 Qd3+ 42.Kg1 Qxc4
43.Qe8 Qe2 44.Qe7 Qe1+ 45.Kg2 Qe4+ 46.Kg1 Kg6 47.Qe8+ Kh6 48.Qh8+ Kg6 49.Qe8+ Kf6  1/2-1/2

[Event "Politiken Cup"]
[Site "Helsingor DEN"]
[Date "2008.07.23"]
[Round "6"]
[White "Olsson,Li"]
[Black "Andersen,Mad"]
[Result "1-0"]
[WhiteElo "2365"]
[BlackElo "2092"]

1.Nf3 c5 2.c4 b6 3.g3 Bb7 4.Bg2 Nf6 5.O-O e6 6.Nc3 Be7 7.Re1 d6 8.e4 a6 9.d4 cxd4
10.Nxd4 Qc7 11.Be3 O-O 12.Rc1 Nbd7 13.f4 Rfe8 14.g4 Nc5 15.Bf2 g6 16.b4 Rad8
17.Qe2 Ncd7 18.g5 Nh5 19.Qg4 Bf8 20.Qh4 Bg7 21.f5 Ne5 22.f6 Nd3 23.fxg7 Nxc1
24.Rxc1 Qxc4 25.a3 Nxg7 26.Bf1 Qc7 27.Nce2 Qd7 28.Ng3 Rc8 29.Re1 Rc3 30.b5 Rxa3
31.Nc2 Rc3 32.Ne3 Rxe3 33.Bxe3 axb5 34.Nh1 h5 35.gxh6 Nh5 36.h7+ Kh8 37.Ng3 Ng7
38.Bg5 f5 39.Bf6 Bc6 40.exf5 exf5 41.Rxe8+ Qxe8 42.Qh6 Qf7 43.Bd4 b4 44.Ne2 g5
45.Ng3  1-0

[Event "Dutch Open"]
[Site "Dieren NED"]
[Date "2008.07.24"]
[Round "3"]
[White "Van der Elburg,F"]
[Black "Lommers,F"]
[Result "0-1"]
[WhiteElo "2287"]
[BlackElo "2171"]

1.c4 c5 2.Nf3 Nf6 3.g3 b6 4.Bg2 Bb7 5.O-O e6 6.Nc3 a6 7.Re1 Be7 8.e4 d6 9.d4 cxd4
10.Nxd4 Qc7 11.Qe2 O-O 12.a4 Re8 13.Be3 Nbd7 14.h3 Rac8 15.b3 Qb8 16.f4 Qa8
17.Bf2 d5 18.exd5 Bb4 19.Qf3 Nxd5 20.Nxd5 Bxe1 21.Rxe1 exd5 22.Rxe8+ Rxe8
23.cxd5 Nf6 24.Nc6 b5 25.axb5 axb5 26.Qd3 Qa1+ 27.Kh2 Qa2 28.Kg1 Re2 29.Nb4 Qd2
30.Qxd2 Rxd2 31.Nc6 Rd1+ 32.Kh2 Rd2 33.Kg1 Rc2 34.Nb4 Rc1+ 35.Kh2 Rb1 36.Nc6 Rxb3
37.d6 Bxc6 38.Bxc6 b4 39.d7 Rd3  0-1

[Event "Dutch Open"]
[Site "Dieren NED"]
[Date "2008.07.25"]
[Round "4"]
[White "Vogel,Ja"]
[Black "Kabanof,N"]
[Result "1/2-1/2"]
[WhiteElo "2253"]
[BlackElo "2132"]

1.Nf3 Nf6 2.g3 b6 3.Bg2 Bb7 4.O-O c5 5.c4 e6 6.b3 Be7 7.Bb2 O-O 8.e3 Ne4
9.d4 Bf6 10.Nfd2 Nd6 11.Bxb7 Nxb7 12.Ne4 Be7 13.d5 f5 14.d6 Bg5 15.Nxg5 Qxg5
16.f4 Qg6 17.Nc3 Nc6 18.Qf3 Rae8 19.Rad1 Nbd8 20.Nb5 Nf7 21.Nc7  1/2-1/2

[Event "DOBA as GM CUP"]
[Site "Mlada Boleslav CZE"]
[Date "2008.07.27"]
[Round "1"]
[White "Kantans,T"]
[Black "Spirin,O"]
[Result "0-1"]
[WhiteElo "2148"]
[BlackElo "2446"]

1.Nf3 c5 2.c4 Nf6 3.g3 b6 4.Bg2 Bb7 5.O-O e6 6.Nc3 Be7 7.d4 cxd4 8.Qxd4 d6
9.Rd1 a6 10.e4 Nbd7 11.e5 dxe5 12.Nxe5 Bxg2 13.Kxg2 Nxe5 14.Qxe5 Qc8 15.b3 O-O
16.Bf4 Qc6+ 17.Kg1 Rac8 18.Rd3 Bc5 19.h3 b5 20.cxb5 axb5 21.Rad1 b4 22.Na4 Nd5
23.Nxc5 Qxc5 24.Be3 Qc7 25.Bd4 Qxe5 26.Bxe5 Ra8 27.R1d2 Rfc8 28.Bd6 Rc1+
29.Kg2 Ra1 30.Bxb4 R1xa2 31.Bc5 Ra1 32.Rc2 f6 33.b4 Rb1 34.Rd4 Kf7 35.Rdd2 Rb8
36.Ra2 Rb7 37.Ra6 Nxb4 38.Bxb4 R1xb4 39.Raa2 e5 40.Rac2 Ra7 41.Rd1 Rb6 42.Rdc1 Rbb7
43.Rc6 Kg6 44.R6c2 Rd7 45.Rb1 Ra5 46.Re2 Kf5 47.Rbe1 h5 48.Re3 Ra4 49.Rf3+ Ke6
50.Rfe3 h4 51.g4 Rd5 52.Re4 Ra2 53.R1e2 Ra1 54.Re1 Ra6 55.R1e2 Rc6 56.Re1 Rb6
57.R1e2 Kf7 58.Re1 Kg6 59.R1e2 Kg5 60.Re1 Rbb5 61.R1e2 g6 62.Ra4 Rb3 63.Rae4 Rdd3
64.R4e3 Rxe3 65.fxe3 f5 66.gxf5 gxf5 67.Kg1 f4 68.exf4+ Kxf4 69.Kg2 Rg3+
70.Kh2 e4 71.Rf2+ Ke3 72.Rf8 Rf3 73.Rh8 Kf2  0-1

[Event "Dutch Open"]
[Site "Dieren NED"]
[Date "2008.07.30"]
[Round "8"]
[White "Pavlovic,Milos"]
[Black "Rothuis,V"]
[Result "1-0"]
[WhiteElo "2515"]
[BlackElo "2357"]

1.Nf3 c5 2.c4 Nf6 3.g3 b6 4.Bg2 Bb7 5.O-O e6 6.b3 d6 7.Bb2 Nbd7 8.e3 Be7
9.Nc3 O-O 10.d4 cxd4 11.Nxd4 Bxg2 12.Kxg2 Qc7 13.f4 Qb7+ 14.Qf3 Qxf3+ 15.Kxf3 Rac8
16.g4 a6 17.g5 Ne8 18.Rad1 Nc5 19.b4 Nb7 20.Rc1 Rxc4 21.Nc6 Bd8 22.Na4 b5
23.Nxd8 Nxd8 24.Nb6 d5 25.Rxc4 bxc4 26.Nd7 f5 27.Nxf8 Kxf8 28.a4 Nb7 29.Ke2 Ned6
30.Kd2 Kf7 31.Be5 Nc8 32.Kc3 Nb6 33.Ra1 Nc8 34.h4 Nb6 35.h5 Kg8 36.a5 Nc8
37.b5  1-0

[Event "IX Miquel Mas de Figueres Open"]
[Site "Castell de Sant Ferran ESP"]
[Date "2008.08.03"]
[Round "3"]
[White "Djingarova,E"]
[Black "Ghiani,B"]
[Result "1-0"]
[WhiteElo "2305"]
[BlackElo "2080"]

1.Nf3 Nf6 2.g3 b6 3.Bg2 Bb7 4.O-O c5 5.c4 e6 6.Nc3 Be7 7.d4 d6 8.dxc5 bxc5
9.Bf4 Nh5 10.Qb3 Nxf4 11.Qxb7 Nxe2+ 12.Nxe2 Nd7 13.Ne5 Rb8 14.Qxd7+ Qxd7
15.Nxd7 Kxd7 16.b3  1-0

[Event "5th Open"]
[Site "Kalamaria GRE"]
[Date "2008.08.04"]
[Round "3"]
[White "Carlsson,P"]
[Black "Padurariu,I"]
[Result "1-0"]
[WhiteElo "2514"]
[BlackElo "2158"]

1.Nf3 Nf6 2.c4 e6 3.g3 b6 4.Bg2 Bb7 5.O-O c5 6.Nc3 Be7 7.d4 cxd4 8.Qxd4 Nc6
9.Qf4 Qb8 10.Rd1 d6 11.b3 O-O 12.Bb2 Rd8 13.e4 a6 14.Qe3 Qa7 15.Qe2 Rac8
16.Rd2 Qb8 17.h3 Na7 18.Nd4 Bf8 19.Re1 e5 20.Nc2 b5 21.cxb5 axb5 22.Nb4 Ba8
23.Ncd5 Nxd5 24.exd5 Qb6 25.Qd3 Rc5 26.Kh2 Nc8 27.f4 f6 28.Be4 g6 29.f5 g5
30.Rg2 g4 31.Qe2 gxh3 32.Qg4+ Kh8 33.Qxh3 Rc7 34.g4 h6 35.Qh4 Rf7 36.Ree2 Rdd7
37.Rg3 Kg8 38.Rd3  1-0

[Event "17th Open"]
[Site "Kavala GRE"]
[Date "2008.08.07"]
[Round "9"]
[White "Milanovic,Da"]
[Black "Oleksienko,M"]
[Result "1/2-1/2"]
[WhiteElo "2529"]
[BlackElo "2588"]

1.Nf3 Nf6 2.c4 e6 3.g3 b6 4.Bg2 Bb7 5.O-O c5 6.Nc3 Be7 7.Re1 O-O 8.e4 d6
9.d4 cxd4 10.Nxd4 Qc7 11.Ndb5 Qc6 12.Bf4 Rd8 13.Rc1 a6 14.Nd4 Qc7 15.Be3 Nbd7
16.Nd5 exd5 17.cxd5 Qb8 18.Nc6 Bxc6 19.dxc6 Nc5 20.b4 Ne6 21.f4 a5 22.b5 Qc7
23.g4 d5 24.exd5 Bb4 25.Rf1 Bc5 26.Bxc5 Nxc5 27.h3 Qd6 28.Qd4 a4 29.Qe5 Ne8
30.Qxd6 Rxd6 31.Rxc5 bxc5 32.b6 Kf8 33.Re1 Rb8 34.Rb1 Ke7 35.Kf2 Rdd8 36.Ke3 Kd6
37.Kd3 Ra8 38.a3 Rdb8 39.Kc4 Ra6 40.b7 Ra5 41.Re1 Ra6 42.Rb1 Kc7 43.Kxc5 Nd6
44.Bf1 Ra5+ 45.Kd4 Ne8 46.Re1 Kd6 47.Bc4 Nc7 48.Re5 Nb5+ 49.Bxb5 Rxb5 50.g5 g6
51.h4 Rc5 52.h5 Rb5  1/2-1/2

[Event "XXI Virxe Peregrina Open"]
[Site "Pontevedra ESP"]
[Date "2008.08.12"]
[Round "3"]
[White "Guerra Vidal,C"]
[Black "Gil Reguera,J"]
[Result "1/2-1/2"]
[WhiteElo "1864"]
[BlackElo "2236"]

1.Nf3 c5 2.g3 b6 3.Bg2 Bb7 4.O-O Nf6 5.c4 e6 6.Nc3 Be7 7.d4 cxd4 8.Qxd4 d6
9.b3 Nbd7 10.Bb2 a6 11.Rfe1 Qc7 12.Rac1 O-O 13.Nd2 Bxg2 14.Kxg2 Rfd8 15.Nde4 Ne8
16.h4 Qb7 17.f3 b5 18.Ng5 h6 19.Nh3 Ne5 20.Qe4 Rdb8 21.c5 Nc6  1/2-1/2

[Event "Acropolis Open"]
[Site "Athens GRE"]
[Date "2008.08.14"]
[Round "6"]
[White "Sandalakis,A"]
[Black "Managadze,N"]
[Result "1/2-1/2"]
[WhiteElo "2341"]
[BlackElo "2444"]

1.Nf3 Nf6 2.c4 e6 3.g3 b6 4.Bg2 Bb7 5.O-O c5 6.Nc3 Be7 7.d4 cxd4 8.Qxd4 d6
9.Rd1 a6 10.b3 Nc6 11.Qe3 Qc7 12.Bb2 O-O 13.Rac1 Ng4 14.Qf4 Nce5 15.Nxe5 Nxe5
16.Bxb7 Qxb7 17.Qe4 Qc7 18.Na4 Nc6 19.h4 Rfc8 20.h5 h6 21.Nc3 Qb7 22.Qf3 Rc7
23.Ne4 Rd8 24.Qc3 f6 25.Qe3 Kf7 26.Qf4 Rcd7 27.Rd2 d5 28.cxd5 Rxd5 29.Rdc2 Rd1+
30.Kg2 Rxc1 31.Rxc1 f5 32.Qf3 Na5 33.Nc3 Rd2 34.Ba1 b5 35.Rd1 Rc2 36.Nd5 Rxa2
37.Nxe7 Qxf3+ 38.Kxf3 Nxb3 39.Be5 Nd2+ 40.Kg2 Kxe7 41.Bxg7 Ne4 42.Bxh6 b4
43.Be3 Nf6 44.h6 Kf7 45.Rd6 Rc2 46.Rxa6 Rc7 47.Rb6 Nd5 48.h7 Nxe3+ 49.Kf3 Kg7
50.Kxe3 e5 51.Rxb4 Kxh7 52.Rb6 Kg7 53.Re6 Rc3+ 54.Kd2 Rc5 55.Kd3 Kf7 56.Ra6 Rd5+
57.Ke3 Rb5 58.Kf3 Rb3+ 59.e3 Rb2 60.Rh6 Ra2 61.g4 fxg4+ 62.Kg3 Ra4 63.Rh4 Kf6
64.Rxg4 Ra3 65.Kf3 Ra2 66.Rg8 Rb2 67.Rc8 Ra2 68.Rc6+ Kf5 69.Kg3 Ra3 70.Rc4 Rb3
71.Rh4 Ra3 72.Rh5+ Ke6 73.Kg4 Ra2 74.Rh6+ Ke7 75.f3 Ra3 76.e4 Kf7 77.Rh3 Kf6
78.Rh6+ Kf7 79.Rh5 Ke6 80.Rh8 Kf7 81.Rb8 Rc3 82.Kf5 Rxf3+ 83.Kxe5 Rh3 84.Rb7+ Ke8
85.Kf5 Rh5+ 86.Kf6 Rh6+ 87.Kg5 Rc6 88.e5 Ra6  1/2-1/2

[Event "XXI Virxe Peregrina Open"]
[Site "Pontevedra ESP"]
[Date "2008.08.14"]
[Round "5"]
[White "Diaz Nunez,A"]
[Black "Campos Calvo Sotelo,Ja"]
[Result "1-0"]
[WhiteElo "2251"]
[BlackElo "2125"]

1.Nf3 Nf6 2.c4 e6 3.g3 b6 4.Bg2 Bb7 5.O-O c5 6.Nc3 d5 7.cxd5 Nxd5 8.d4 cxd4
9.Qxd4 Nc6 10.Qa4 Qd7 11.Rd1 f5 12.Nxd5 exd5 13.Nh4 Ne7 14.Qxd7+ Kxd7 15.Bg5 Ke6
16.Rac1 Rc8 17.Rxc8 Nxc8 18.Nf3 Bc5 19.Bd2 Ne7 20.Bc3 Kf7 21.Ng5+ Kg6 22.Ne6 Rc8
23.Nf4+ Kf7 24.Nxd5 Rd8 25.Ne3 Rxd1+ 26.Nxd1 Bxg2 27.Kxg2 Nd5 28.Bd2 Ke6
29.f3 g6 30.e3 a5 31.Kf2 a4 32.Ke2 b5 33.Kd3 Kd6 34.e4 fxe4+ 35.fxe4 Nb6
36.b3 axb3 37.axb3 Nd7 38.Bf4+ Ne5+ 39.Bxe5+ Kxe5 40.Nc3 b4 41.Nd5 g5 42.Ne3 h5
43.h3 Be7 44.Nf5 Bf8 45.Nd4 Bd6 46.Nf3+ Kf6 47.g4 hxg4 48.hxg4 Bf4 49.Kd4 Ke6
50.e5 Bc1 51.Ke4 Bf4 52.Nd4+ Ke7 53.Kf5 Bd2 54.Nf3  1-0

[Event "Jirasek mem"]
[Site "Rakovnik CZE"]
[Date "2008.08.14"]
[Round "7"]
[White "Lechtynsky,J"]
[Black "Ftacnik,L"]
[Result "1/2-1/2"]
[WhiteElo "2451"]
[BlackElo "2544"]

1.Nf3 Nf6 2.c4 c5 3.g3 b6 4.Bg2 Bb7 5.O-O e6 6.Nc3 Be7 7.b3 O-O 8.Bb2 a6
9.e3 d6 10.Qe2 Nbd7 11.Rfd1 Ra7 12.d4 Re8 13.e4 cxd4 14.Nxd4 Bf8 15.Rd2 g6
16.Nc2 Qb8 17.Re1 Ba8 18.Ba3 Nc5 19.Qd1 b5 20.cxb5 axb5 21.Bb4 Rc8 22.Qe2 e5
23.Red1 Bc6 24.Bxc5 dxc5 25.Ne3 Bh6 26.Bh3 b4 27.Bxc8 bxc3 28.Rd6 Bb5 29.Rd8+ Ne8
30.Nc4 Bg5 31.Rxe8+ Bxe8 32.Bh3 Bd2 33.a4 Qxb3 34.Nxd2 Qc2 35.Bg4 Bxa4 36.Qe3 cxd2
37.Rxd2 Qc1+ 38.Kg2 Kg7 39.Qg5 Qc3 40.Qd8  1/2-1/2

[Event "Open A"]
[Site "Vladimir RUS"]
[Date "2008.08.14"]
[Round "3"]
[White "Kupreichik,V"]
[Black "Derbenev,A"]
[Result "0-1"]
[WhiteElo "2403"]
[BlackElo "2302"]

1.c4 Nf6 2.Nf3 e6 3.g3 b6 4.Bg2 Bb7 5.O-O c5 6.Nc3 Be7 7.d4 cxd4 8.Nxd4 Bxg2
9.Kxg2 O-O 10.Qa4 Qc8 11.Rd1 Na6 12.Bf4 Nc5 13.Qc2 d6 14.f3 a6 15.Rac1 Qb7
16.b4 Ncd7 17.Nb3 Rac8 18.Nd2 e5 19.Bg5 Ng4 20.Qf5 Bxg5 21.Qxg5 Ndf6 22.Nde4 h6
23.Qd2 Rfd8 24.h3 Nxe4 25.Nxe4 d5 26.Nc3 Nf6 27.cxd5 Rc4 28.Qe3 Rxb4 29.Qxe5 Qd7
30.Rb1 Rc4 31.Qe3 Re8 32.Qd3 Rxc3 33.Qxc3 Rxe2+ 34.Kf1 Rh2 35.g4 Qd6 36.Rb2 Rh1+
37.Ke2 Rxh3 38.Kd2 Ne4+ 39.fxe4 Qh2+ 40.Ke1 Qg1+  0-1

[Event "Independence Cup A"]
[Site "Kyiv UKR"]
[Date "2008.08.16"]
[Round "4"]
[White "Julin,A"]
[Black "Sshedrin,I"]
[Result "1-0"]
[WhiteElo "2232"]
[BlackElo "1969"]

1.Nf3 Nf6 2.g3 b6 3.Bg2 Bb7 4.O-O e6 5.c4 c5 6.Nc3 Be7 7.d4 cxd4 8.Qxd4 Nc6
9.Qd2 Na5 10.b3 d5 11.cxd5 Nxd5 12.Nxd5 Qxd5 13.Qxd5 Bxd5 14.Bb2 Bf6 15.Bxf6 gxf6
16.Rac1 O-O 17.Nd4 Bxg2 18.Kxg2 Rfd8 19.e3 Rac8 20.Kf3 Kg7 21.Rfd1 Kg6 22.Ke2 a6
23.b4 Nb7 24.Nc6 Rxd1 25.Ne7+ Kg7 26.Rxc8 Rd7 27.Rg8+ Kh6 28.Nc6 e5 29.Nb8 Rc7
30.Nxa6 Rc2+ 31.Kf3 Rxa2 32.Nc7 Nd6 33.g4 Rd2 34.e4 Rd4 35.Nd5 Nxe4 36.Ne3 Nd6
37.h4 Rf4+ 38.Kg2 f5 39.Rd8 Ne4 40.Nxf5+ Kg6 41.f3 Nf6 42.Ne7+ Kg7 43.g5 Rxh4
44.gxf6+ Kxf6 45.Nd5+ Ke6 46.b5 Rd4 47.Nc7+ Kf5 48.Rxd4 exd4 49.Nd5 d3 50.Nxb6 Ke5
51.Kf2 Kd4 52.Na4 Kc4 53.b6 Kb3 54.b7  1-0

[Event "VII Open"]
[Site "Ortigueira ESP"]
[Date "2008.08.16"]
[Round "7"]
[White "Corral Sierra,J"]
[Black "Filip,L"]
[Result "1/2-1/2"]
[WhiteElo "2114"]
[BlackElo "2461"]

1.Nf3 c5 2.c4 Nf6 3.g3 b6 4.Bg2 Bb7 5.O-O e6 6.Nc3 Be7 7.Re1 O-O 8.e4 d6
9.d4 cxd4 10.Nxd4 Qc7 11.Be3 a6 12.Rc1 Nbd7 13.f4 Rfe8 14.g4 Nc5 15.Bf2 g6
16.b4 Ncd7 17.Nd5 exd5 18.cxd5 Qd8 19.Nc6 Bxc6 20.dxc6 Nf8 21.c7 Qc8 22.e5 dxe5
23.Bxa8 Qxa8 24.Rxe5 Ne6 25.f5 Ng5 26.Re3 Rc8 27.Rxe7 Nh3+ 28.Kf1 Qh1+ 29.Ke2 Nf4+
30.Kd2 Qd5+ 31.Kc3 Qxa2 32.Qd8+ Kg7 33.Bd4 Nd5+ 34.Kd3 Nf4+ 35.Ke3 Ng2+ 36.Kf3 Nh4+
37.Ke3 Ng2+  1/2-1/2

[Event "IM"]
[Site "Panevezys LTU"]
[Date "2008.08.16"]
[Round "7"]
[White "Zickus,S"]
[Black "Ciuksyte,D"]
[Result "1-0"]
[WhiteElo "2269"]
[BlackElo "2363"]

1.Nf3 Nf6 2.c4 c5 3.g3 b6 4.Bg2 Bb7 5.O-O e6 6.Nc3 Be7 7.Re1 d6 8.e4 Nbd7
9.d4 cxd4 10.Nxd4 Qb8 11.Be3 O-O 12.Rc1 a6 13.f4 Re8 14.g4 g6 15.g5 Nh5 16.f5 d5
17.fxe6 fxe6 18.Bh3 Bd6 19.Rc2 Nf8 20.cxd5 exd5 21.Rf2 dxe4 22.Qb3+ Kh8 23.Nde2 Bc5
24.Na4 Bxe3 25.Qxe3 Qe5 26.Nxb6 Rad8 27.Qc3 Qxc3 28.Nxc3 Re5 29.Rf7 Bc6 30.Bg2 Ne6
31.h4 Nef4 32.Bf1 Nd3 33.Bxd3 Rxd3 34.Ref1 Rg3+ 35.Kh2 Rf3 36.Nc4 Rxf1 37.Rxf1 Rf5
38.Ne3 Rf4 39.Rxf4 Nxf4 40.Kg3 Nd3 41.b3 Kg7 42.Ng4 a5 43.Nf6 h6 44.Nfxe4 hxg5
45.hxg5 Kf7 46.Nd2 Ke6 47.Nc4 a4 48.Nxa4 Bxa4 49.bxa4 Kd5 50.Nd2 Nb4 51.a5 Kc5
52.Kf4 Kb5 53.Ke5 Nd3+ 54.Kf6 Kxa5 55.Kxg6 Nf4+ 56.Kf5  1-0

[Event "5th DA Tan Malaysian Open"]
[Site "Kuala Lumpur MAS"]
[Date "2008.08.20"]
[Round "6"]
[White "Zhou Weiqi"]
[Black "Li Ruofan"]
[Result "1/2-1/2"]
[WhiteElo "2556"]
[BlackElo "2425"]

1.Nf3 Nf6 2.c4 b6 3.g3 Bb7 4.Bg2 c5 5.O-O e6 6.Nc3 Be7 7.Re1 Ne4 8.Nxe4 Bxe4
9.d3 Bb7 10.e4 Nc6 11.d4 cxd4 12.Nxd4 Nxd4 13.Qxd4 O-O 14.b3 Bc5 15.Qb2 f5
16.b4 Be7 17.Bf4 fxe4 18.Rad1 a5 19.b5 Bb4 20.Re2 Bc5 21.Bxe4 Bxe4 22.Rxe4 Qe8
23.Qe2 Rc8 24.Kg2 Qf7 25.Be3 d5 26.Bxc5 Rxc5 27.Rf4 Qe8 28.Rxf8+ Kxf8 29.cxd5 exd5
30.Qf3+ Qf7 31.Qa3 Kg8 32.Rd3 Qe8 33.Rf3 Qxb5 34.Qe3 Qd7 35.Qd4 Rc6 36.Rb3 Qd8
37.h4 h6 38.Rb5 Rd6 39.Kg1 Qf6 40.Qxf6 gxf6 41.Kf1 Kf7 42.Ke2 Ke6 43.Kd3 Rc6
44.f3 f5 45.Kd4 Rc4+ 46.Kd3 Rc6 47.Kd4 Rc4+ 48.Kd3 Rc6  1/2-1/2

[Event "5th DA Tan Malaysian Open"]
[Site "Kuala Lumpur MAS"]
[Date "2008.08.22"]
[Round "7"]
[White "Xiu,D"]
[Black "Legaspi,R"]
[Result "1-0"]
[WhiteElo "2410"]
[BlackElo "2315"]

1.Nf3 Nf6 2.c4 e6 3.g3 b6 4.Bg2 Bb7 5.O-O c5 6.Nc3 Be7 7.d4 cxd4 8.Qxd4 d6
9.Rd1 O-O 10.b3 Qc8 11.Ba3 Rd8 12.Qf4 Nc6 13.Rac1 Qb8 14.Bb2 h6 15.e4 Ne5
16.Qe3 Nxf3+ 17.Qxf3 a6 18.Qe2 Qc7 19.f4 Rac8 20.h4 Qb8 21.Kh2 Bf8 22.Rf1 Re8
23.g4 Nd7 24.g5 hxg5 25.hxg5 d5 26.Qh5 d4 27.Ne2 g6 28.Qh4 Bg7 29.Rh1 Nc5
30.Bxd4 e5 31.Bxc5 Rxc5 32.f5 gxf5 33.exf5 Bxg2 34.Kxg2 Qb7+ 35.Kf2 e4 36.f6 e3+
37.Ke1 Qe4 38.fxg7 Qxh4+ 39.Rxh4 Kxg7 40.Rg4 Kg6 41.Rd1 Rxg5 42.Rxg5+ Kxg5
43.Rd5+ Kg4 44.Nd4 Rh8 45.Ke2 Kf4 46.Nf3 Re8 47.Nh4 Ke4 48.Rd3 Rh8 49.Rxe3+ Kd4
50.Nf3+ Kc5 51.a3 f6 52.Kd3 Rh1 53.Re6  1-0

[Event "U16 Olympiad"]
[Site "Mersin TUR"]
[Date "2008.08.23"]
[Round "8"]
[White "Sen,S"]
[Black "Datu,A"]
[Result "0-1"]
[WhiteElo "2050"]
[BlackElo "2138"]

1.Nf3 Nf6 2.c4 c5 3.g3 b6 4.Bg2 Bb7 5.O-O e6 6.Nc3 Be7 7.Re1 a6 8.e4 d6 9.d4 cxd4
10.Nxd4 Qc7 11.Be3 Nbd7 12.Rc1 O-O 13.f4 Rfe8 14.Qe2 Nf8 15.a4 Rac8 16.b3 N6d7
17.Nb1 Qb8 18.Nd2 Qa8 19.Bf2 Bf6 20.b4 Ng6 21.N2b3 Bd8 22.h4 h6 23.h5 Ngf8
24.g4 e5 25.Nf5 Bc7 26.g5 exf4 27.gxh6 g6 28.Ng7 Re5 29.Qg4 Bxe4 30.Bxe4 Rxe4
31.hxg6 fxg6 32.Rxe4 Qxe4 33.Nh5 Qe6 34.Qg2 f3 35.Qg5 Bd8 36.Qg3 Qe5 37.Nf4 Bg5
38.h7+ Nxh7 39.Qh3 Bxf4 40.Qxd7 Qg5+  0-1

[Event "UAE President's Cup"]
[Site "Al Ain UAE"]
[Date "2008.08.28"]
[Round "7"]
[White "Mohamed,Ho"]
[Black "Khalifa,K UAE"]
[Result "1-0"]
[WhiteElo "2201"]
[BlackElo "2010"]

1.Nf3 c5 2.c4 Nf6 3.g3 b6 4.Bg2 Bb7 5.O-O e6 6.Nc3 Be7 7.b3 d5 8.e3 O-O 9.Bb2 a6
10.Rc1 Qc7 11.Qe2 Nc6 12.cxd5 exd5 13.d4 Rac8 14.Rfd1 Rfd8 15.Ne5 Qb8 16.Na4 Qa7
17.dxc5 bxc5 18.Nxc6 Rxc6 19.Rc2 Rc7 20.Rdc1 Rdc8 21.b4 Nd7 22.Bh3 Rd8 23.Bxd7 Rdxd7
24.bxc5 Bc6 25.Nb6 Rd8 26.Qg4 f6 27.h4 Be8 28.h5 Rxc5  1-0

[Event "16th Nikea Open"]
[Site "Athens GRE"]
[Date "2008.08.28"]
[Round "4"]
[White "Aggelis,N"]
[Black "Ronchetti,N"]
[Result "1/2-1/2"]
[WhiteElo "2271"]
[BlackElo "2434"]

1.Nf3 c5 2.g3 b6 3.Bg2 Bb7 4.O-O Nf6 5.c4 e6 6.Nc3 Be7 7.d4 cxd4 8.Qxd4 d6
9.Rd1 a6 10.b3 Nbd7 11.e4 Qc7 12.Ba3 Nc5 13.e5 dxe5 14.Qxe5 Rc8 15.Qxc7 Rxc7
16.Bc1 Nfe4 17.Nxe4 Bxe4 18.Bf4 Rc8 19.Bd6 f6 20.Bxc5 Bxc5 21.Re1 Bxf3 22.Bxf3 Kf7
23.Bb7 Rcd8 24.Red1 a5 25.Kf1 h5 26.h3 h4 27.g4 Kg6 28.Ke2 Kg5 29.Kf3 g6
30.Be4 f5 31.gxf5 gxf5 32.Bc6 Kf6 33.Ke2 Rhg8 34.Rg1 Rxg1 35.Rxg1 Rd6 36.Bb7 Rd7
37.Bc6 Rd6 38.Bb7 Rd4 39.Bf3 Rf4 40.Rf1 a4 41.Bc6 a3 42.f3 Rd4 43.Rd1 Rxd1
44.Kxd1 Kg5 45.Bd7 e5 46.Ke2 Kf4 47.Kd3 e4+ 48.fxe4 fxe4+ 49.Ke2 Ke5 50.Bg4 Kd4
51.Kd2 Bb4+ 52.Kc2 Ke3 53.Bh5 Kf2 54.Bg4 Kf1 55.Bh5 Ke1 56.Bg4 Kf2 57.Bh5 Kg2
58.Bg4 Kg3 59.Kd1 e3 60.Ke2 Kf4 61.Kd3 Bc5 62.Bh5 Bb4  1/2-1/2

[Event "Open"]
[Site "Herzliya ISR"]
[Date "2008.09.03"]
[Round "2"]
[White "Hasidovski,A"]
[Black "Volkov,Y"]
[Result "1/2-1/2"]
[WhiteElo "2180"]
[BlackElo "2066"]

1.Nf3 Nf6 2.c4 e6 3.g3 b6 4.Bg2 Bb7 5.O-O c5 6.Nc3 Be7 7.Re1 O-O 8.e4 d6
9.d4 cxd4 10.Nxd4 Qc8 11.Be3 a6 12.Rc1 Nbd7 13.f4 Rd8 14.Bf2 Qc7 15.f5 e5
16.Nd5 Nxd5 17.cxd5 Nc5 18.b4 exd4 19.Bxd4 f6 20.bxc5 dxc5 21.Qb3 Bd6 22.e5 fxe5
23.Bxe5 b5 24.Qe3 Bxe5 25.Qxe5 Qxe5 26.Rxe5 c4 27.Kf2 Rac8 28.Ke3 c3 29.Kd4 b4
30.Bf1 Rd6 31.Bc4 Kf8 32.Re6 Rdd8 33.Rb6 Rc7 34.Rxb4 Bxd5  1/2-1/2